| 000 | 01547nam0a2200337 4500 | ||
|---|---|---|---|
| 001 | RU\NLR\BIBL_A\016319613 | ||
| 005 | 20260406084907.0 | ||
| 010 |
_a978-5-4484-3787-8 _9700 |
||
| 035 | _a(NLR Aleph) 016319613 | ||
| 090 |
_a13027576 _c13027576 |
||
| 100 | _a20230322d2022 |||y0rusy50 ca | ||
| 101 | 0 | _arus | |
| 102 | _aRU | ||
| 105 | _aa|||z|||000zy | ||
| 181 | 0 |
_ai _baxxe |
|
| 182 | 0 | _an | |
| 200 | 1 |
_aДревняя Греция _eрассказы о повседневной жизни _e[сборник статей _fА. Васютинский и др.] |
|
| 203 |
_aТекст _bвизуальный _cнепосредственный |
||
| 210 |
_aМосква _cВече _d2022 |
||
| 215 |
_a414, [1] с. _cил. _d21 |
||
| 225 | 1 | _aАнтичный мир | |
| 300 | _aКн. впервые вышедшая в 1912 г. под назв.: "Книга для чтения по Древней истории. Часть I" | ||
| 333 | _a12+ | ||
| 451 | 0 |
_12001#$aКнига для чтения по Древней истории. Часть I _tКнига для чтения по Древней истории. Часть I |
|
| 606 | 1 |
_aБыт и нравы _yГреция Древняя _92424760 _3RU\NLR\AUTH\661443716 |
|
| 686 | 1 | _aТ3(0)321-75 | |
| 702 | 1 |
_4220 _7ca _8rus _aВасютинский _bА. М. _f1877-1947 _gАлексей Макарович _3RU\NLR\AUTH\770279540 _92651507 |
|
| 942 | _cBOOK | ||
| 980 | _aNB | ||